| 000 | 01250nam a2200241 a 4500 | ||
|---|---|---|---|
| 003 | BD-DhJNU | ||
| 005 | 20260129065513.0 | ||
| 008 | 251108s2013 bg |||g |||| 000 1|ben|d | ||
| 020 | _a9789845061674 | ||
| 040 |
_aBD-DhJNU _bben _cBD-DhJNU _dBD-DhJNU |
||
| 041 | _aben | ||
| 082 |
_a305.42095 BAN _223 |
||
| 245 | 1 | 0 |
_aবাংলাদেশের নারী : _bবর্তমান অবস্থান ও উন্নয়ন প্রসঙ্গ / _cআল মাসুদ হাসানুজ্জামান (সম্পাদনা) |
| 246 | _aBangladesher Nari: bartoman obosthan o unnayan prosongo | ||
| 250 | _a1st ed. | ||
| 260 |
_aঢাকা : _bদি ইউনিভার্সিটি প্রেস লিমিটেড (ইউপিএল), _c2013. |
||
| 300 |
_a৩৪৩ পৃ. : _bচিত্র ; _c২২ সেমি.। |
||
| 504 | _aগ্রন্থপঞ্জিগত নির্দেশিকা ও নিঘন্ট অন্তভূক্ত | ||
| 650 | _aনারী উন্নয়ন ও ক্ষমতায়ন | ||
| 650 | _aWomen and development | ||
| 700 | a |
_aআল মাসুদ হাসানুজ্জামান _eসম্পাদনা |
|
| 942 | _cBK | ||
| 999 |
_c2594 _d2594 |
||